00306nam a2200109Ia 4500008004100000041000800041082001500049100002000064245004500084260003300129300003400162240624s9999 xx 000 0 und d aeng a332.63 VER aVERONESI PIETRO aFIXED INCOME SECURITIES VALUATION RISK A c2012aNew DelhibWiley India axxxiii, : 805 : p. : cm. ; 23